Statistics for Lady Antebellum - What If I Never Get Over You Lyrics

Click here to take the quiz!

General Stats

  • This quiz has been taken 47 times
  • The average score is 245 of 286

Answer Stats

Lyric% Correct
get
100%
i
100%
if
100%
never
100%
over
100%
what
100%
you
100%
a
96%
i'm
96%
my
96%
but
92%
is
92%
it
92%
it's
92%
the
92%
to
92%
and
88%
go
88%
he
88%
in
88%
on
88%
then
88%
all
83%
do
83%
ever
83%
that
83%
back
79%
can
79%
last
79%
one
79%
right
79%
tryin'
79%
broken
75%
close
75%
every
75%
eyes
75%
goodbye
75%
heart
75%
hurt
75%
supposed
75%
when
75%
by
71%
doesn't
71%
hardest
71%
love
71%
now
71%
oh
71%
only
71%
part
71%
see
71%
up
71%
was
71%
your
71%
at
67%
comes
67%
compare
67%
end
67%
from
67%
gets
67%
movin'
67%
nothing
67%
shot
67%
this
67%
waves
67%
with
67%
yeah
67%
everybody
63%
forever
63%
knows
63%
lost
63%
someone
63%
through
63%
time
63%
better
58%
'cause
58%
closure
58%
him
58%
lasts
58%
look
58%
maybe
58%
months
58%
out
58%
years
58%
fades
54%
got
54%
memory
54%
told
54%
working
54%
gave
50%
letting
50%
meet
50%
wasted
50%
words
50%
everything
46%
ooh
33%

Score Distribution

Percentile by Number Answered

Percent of People with Each Score

Your Score History

You have not taken this quiz